The crusaders : an original comedy of modern London life /

Bibliographic Details
Main Author: Jones, Henry Arthur, 1851-1929
Format: Book
Language:English
Published: New York, London : Macmillan & Co., 1911.

MARC

Tag First Indicator Second Indicator Subfields
LEADER 00000cam a2200000 4500
001 in00000031407
005 20151007061653.0
008 800630s1911 nyu 00010 eng d
035 |a (OCoLC)06471864 
035 |9 AAD2723AM 
040 |a TXA  |c TXA  |d UtOrBLW 
049 |a TXAM  |c [2915] 
090 |a PR4827  |b .C78 1911 
092 |a 822  |b J77cr 
100 1 |a Jones, Henry Arthur,  |d 1851-1929. 
245 1 4 |a The crusaders :  |b an original comedy of modern London life /  |c by Henry Arthur Jones ... Produced at the Avenue theatre, London, on the 2nd November, 1891. 
264 1 |a New York,  |a London :  |b Macmillan & Co.,  |c 1911. 
300 |a xv, 115 pages ;  |c 18 cm. 
336 |a text  |b txt  |2 rdacontent 
337 |a unmediated  |b n  |2 rdamedia 
338 |a volume  |b nc  |2 rdacarrier 
999 |a MARS 
999 f f |s 3fecb501-cb2f-3187-96b2-9a8767e10453  |i bd6be039-16b4-334b-bdf7-b95221f75a15  |t 0 
952 f f |p ric  |a Texas A&M University  |b Rellis Campus  |c Joint Library Facility  |d Remote Storage  |t 0  |e PR4827 .C78 1911  |h Library of Congress classification  |i unmediated -- volume  |m A14801297526 
998 f f |a PR4827 .C78 1911  |t 0  |l Remote Storage